Responses for Show #3648 - Wednesday, June 14, 2000

Contestants

[<< previous game]

Allen Tatman, a public historian from Jefferson City, Missouri

Mary Friedman, a teacher & vice principal from Clovis, California

Steven Silver, a technical writer from Northbrook, Illinois (whose 1-day cash winnings total $7,400)

[next game >>]

Jeopardy! Round responses

(Alex: In honor of Flag Day...)
A STAR-SPANGLED BANNER QUIZ
4 YEARS
A DELICATE OPERATION
ROCK 'N' POP
SOCK IT TO ME!
OH "K"
    $100 1
War of 1812

Steven
    $100 17
Marathon

Steven
    $100 12
Artery

Allen
    $100 6
Nelson Mandela

Mary
    $100 7
Sock hop

Allen
    $100 13
Kickball

Steven
    $200 2
Question mark

Steven
    $200 19
John Adams

Steven
    $200 23
(Steven: What is the knee?)
(Allen: What is the elbow?)

the hip

StevenMaryAllen
    $200 27
Tony Orlando

Allen
    $200 8
Windsock

Allen
    $200 14
Kilogram

Steven
    $300 3
Smithsonian

Allen
    $300 20
Dr. Seuss

Steven
    $300 24
(Alex: Minute to go.)

hysterectomy

Allen
    $300 28
Apple Records

Mary
    $300 9
Argyle

Allen
    $300 15
Kachina doll

Mary
    $400 4
Rampart

Steven
    $500 21
February

Steven
    $400 25
Liver transplant

Mary
    $400 29
Bob Dylan

Allen
    $400 10
White House

Steven
    $400 16
Akira Kurosawa

Allen
    $500 5
USA (Lake Placid)

Allen
    $500 22
(Allen: What are camp-a-rees?)
(Steven: What is a quadrennial?)

jamborees

StevenMaryAllen
    $500 26
(Allen: What is laser corrective surgery?)
(Mary: What is laserkeratomy?)

LASIK

MaryAllen
Triple Stumper
    $500 30
Gary Puckett

Mary
    $500 11
(Alex: Oh my gosh, they're scary also!)

Toe socks

Mary
    $500 18
Khalil (Gibran)

Mary

Scores at the first commercial break (after clue 15):

Steven Mary Allen
$1,400 $900 $1,500

Scores at the end of the Jeopardy! Round:

Steven Mary Allen
$1,800 $2,800 $1,600

Double Jeopardy! Round responses

AMERICAN FIRSTS
CINEMATIC TITLE PAIRS
OREGONE
(Alex: This is not a misspelling - things in Oregon that are gone!)
POEM-POURRI
FAMOUS PERCIVALS
NUMERICAL EXPRESSIONS
    $200 1
Ph.D.

Mary
    $200 22
Indiana Jones

Mary
    $200 8
Dinosaurs

Allen
    $200 17
Florida

Allen
    $200 6
Sir Edmund Percival Hillary

Mary
    $200 7
Twenty Questions

Allen
    $400 2
(Steven: What is [**]?)
[Originally ruled incorrect; reversed before Daily Double at clue 5]
(Allen: What is a farce?)
...
(Alex: [After Daily Double is revealed at clue 5] Steven, your response of [**] is acceptable, and Allen, we're giving you back $400, as if your response never existed.)

comedy (satire accepted)

Steven
    $400 23
Bedknobs

Mary
    $400 9
Portland

Allen
    $400 18
Water lilies

Allen
    $400 13
Jamaica

Allen
    $400 27
[The end-of-round signal sounds.]

24-7

Allen
    $600 3
ESPN

Allen
    $600 24
A Boy

Steven
    $600 10
(Allen: What is an earthquake?)

a flood

Allen
Triple Stumper
    $600 19
(Steven: What is Shylott?)

Shalott

Steven
Triple Stumper
    $600 14
(Allen: Who is Sir Lancelot?)

Sir Galahad

StevenAllen
    $800 4
West Point/USMA/Army

Steven
    $800 25
In

Allen
    $800 11
Mark Hatfield

Triple Stumper
    $800 20
"Richard Cory"

Allen
    $800 15
Percival Lowell

Steven
    $500 5
(Steven: What is State Farm?)

Travelers

Steven
    $1000 26
Brimstone

Steven
    $1,000 12
Astoria

Allen
    $1000 21
(Alex: Didn't Johnny sound like a passionate [*]?)
[Laughter]
(Alex: Maybe not. Less than a minute to go.)

shepherd

Triple Stumper
    $1000 16
"Beau Geste"

Allen

Scores at the end of the Double Jeopardy! Round:

Steven Mary Allen
$4,900 $3,800 $6,800

[wagering suggestions for these scores]

Final Jeopardy! Round responses

AIRPORT CODES
MaryWhat is Orlando?
$3,800
StevenWhat is O'Hare (O'Hare)
$2,701
AllenWhat is Buffalo NY?
$3,001
O'Hare Airport, Chicago - ORD

Final scores:

Steven Mary Allen
$7,601 $0 $3,799
2-day champion: $15,001 3rd place: Meade ETX90 Telescope 2nd place: Trip to Outrigger Hotel, Waikiki Beach, Hawaii

Game dynamics:

Coryat scores:

Steven Mary Allen
$5,300 $3,800 $6,800
16 R
(including 1 DD),
4 W
(including 1 DD)
13 R,
1 W
22 R
(including 1 DD),
5 W

Combined Coryat: $15,900

[game clues] [game scores] [suggest correction]

Game tape date: 2000-03-01
The J! Archive is created by fans, for fans. Scraping, republication, monetization, and malicious use prohibited; this site may use cookies and collect identifying information. See terms. The Jeopardy! game show and all elements thereof, including but not limited to copyright and trademark thereto, are the property of Jeopardy Productions, Inc. and are protected under law. This website is not affiliated with, sponsored by, or operated by Jeopardy Productions, Inc. Join the discussion at JBoard.tv.